Установление Советской власти в Калужской губернии : (Record no. 430072)
[ view plain ]
| 000 -LEADER | |
|---|---|
| fixed length control field | 01279nam a22002177a 4500 |
| 003 - CONTROL NUMBER IDENTIFIER | |
| control field | AM-YeHGA |
| 040 ## - CATALOGING SOURCE | |
| Original cataloging agency | AM-YeHGA |
| 090 ## - LOCALLY ASSIGNED LC-TYPE CALL NUMBER (OCLC); LOCAL CALL NUMBER (RLIN) | |
| -- | 432623 |
| 005 - DATE AND TIME OF LATEST TRANSACTION | |
| control field | 20250617155308.0 |
| 008 - FIXED-LENGTH DATA ELEMENTS--GENERAL INFORMATION | |
| fixed length control field | 180416s1957 ru ac|||r|||||001|0|rus|| |
| 041 0# - LANGUAGE CODE | |
| Language code of text/sound track or separate title | rus |
| 245 00 - TITLE STATEMENT | |
| Title | Установление Советской власти в Калужской губернии : |
| Remainder of title | Документы и материалы. Март 1917 - июль 1918 г. / |
| Statement of responsibility, etc. | Парт. архив Калуж. обкома КПСС. Гос. архив Калуж. области. |
| 260 ## - PUBLICATION, DISTRIBUTION, ETC. | |
| Place of publication, distribution, etc. | Калуга : |
| Name of publisher, distributor, etc. | Газ. "Знамя", |
| Date of publication, distribution, etc. | 1957. |
| 300 ## - PHYSICAL DESCRIPTION | |
| Extent | 479 с., 2 л. портр. : |
| Other physical details | ил. ; |
| Dimensions | 23 см. |
| 490 1# - SERIES STATEMENT | |
| Series statement | 40 лет Великой Октябрьской социалистической революции |
| 650 14 - SUBJECT ADDED ENTRY--TOPICAL TERM | |
| Topical term or geographic name entry element | Великая Октябрьская социалистическая революция |
| General subdivision | История |
| Chronological subdivision | 1917-1918 гг. |
| Geographic subdivision | Калужская губерния |
| 653 0# - INDEX TERM--UNCONTROLLED | |
| Uncontrolled term | КПСС- Калужская организация - Документы и материалы |
| 710 2# - ADDED ENTRY--CORPORATE NAME | |
| Corporate name or jurisdiction name as entry element | Калужский областной партийный архив |
| 830 #0 - SERIES ADDED ENTRY--UNIFORM TITLE | |
| Uniform title | 40 лет Великой Октябрьской социалистической революции |
| 942 ## - ADDED ENTRY ELEMENTS (KOHA) | |
| Source of classification or shelving scheme | Universal Decimal Classification |
| Koha item type | Գրքեր / Books |
| Withdrawn status | Lost status | Source of classification or shelving scheme | Damaged status | Not for loan | Collection | Home library | Current library | Date acquired | Total checkouts | Full call number | Barcode | Date last seen | Price effective from | Koha item type | Public note |
|---|---|---|---|---|---|---|---|---|---|---|---|---|---|---|---|
| Universal Decimal Classification | General | Fundamental Scientific Library | Fundamental Scientific Library | 17/04/2019 | РД II/59959 | FL0574593 | 17/04/2019 | 17/04/2019 | Գրքեր / Books | 30 Days Loan |
ՀՀ Գիտությունների ազգային ակադեմիայի հիմնարար գիտական գրադարան = Fundamental Scientific Library of NAS RA
All site content, except where otherwise noted, is licensed under a